000 00795nam 22002173 4500
001 199860
021 _aPT
_b12531/86
090 _a199860
100 _a20260113d u||y0pory50 ba
200 _aEstrutura e reactividade molecular
_euma introdução com base no modelo da caixa de potencial
_fS. J. Formosinho, A. J. C. Varandas
210 _aLisboa
_cFundação Calouste Gulbenkian
_dimp. 1986
215 _aVIII, 173, [4] p.
_cil. ; brochado
_d23 cm
225 _aManuais universitários
606 _98728
_aCiências Puras- Física
610 _aPropriedades e estruturas dos sistemas moleculares
675 _a539.2
_vPT
_zpor
700 _912655
_aFormosinho
_bSebastião J.
_f1943-2016
701 _915682
_aVarandas
_bA. J. C.
_f1947-
801 _aPT
_bBMMN
_gRPC
830 _cAna
_fAna
990 _cLIVROS